000 00698nam a22001697a 4500
008 120918t xxu||||| |||| 00| 0 eng d
020 _a0818501065
050 _aH62.M68
100 _aMoursund, Janet P.
245 _aEvaluation: an introduction to research design. /
_cJanet P. Moursund
260 _aBelmont:
_bBrooks/Cole Publishing Company,
_cc1973.
300 _avi, 153 p.:
_bill.;
_c23cm.
500 _aIncludes index
505 _aContents: Getting started with evaluative research -- Choosing and gathering data -- Research design: making the right comparisons -- Research design: analyzing the data -- Directing a research project -- Appendix.
650 _bEvaluation
942 _2lcc
_cBK
999 _c2344
_d9844